000
00327nam a2200145Ia 4500
999
_c
13992
_d
13992
003
OSt
005
20260416164102.0
008
260210s9999 xx 000 0 und d
020
_a
9788195549351
082
_a
726.143 FER
100
_a
Fergusson
245
4
_a
The Cave Temples of India
260
_b
Kaveri
942
_c
RD
_2
ddc